[Event "ch-CZE 2015"]
[Site "Havlickuv Brod CZE"]
[Date "2015.05.15"]
[Round "1.3"]
[White "Kraus, Tomas"]
[Black "Hracek, Zbynek"]
[Result "1/2-1/2"]
[WhiteTitle "FM"]
[BlackTitle "GM"]
[WhiteElo "2402"]
[BlackElo "2617"]
[WhiteFideId "331708"]
[BlackFideId "300071"]
[EventDate "2015.05.15"]

1. e4 c5 2. Nf3 d6 3. d4 cxd4 4. Nxd4 Nf6 5. Nc3 a6 6. h3 e6 7. g4 Be7 8. Bg2
Nc6 9. Be3 O-O 10. Qe2 Nxd4 11. Bxd4 e5 12. Be3 Be6 13. g5 Nd7 14. h4 Rc8 15.
Nd5 Bxd5 16. exd5 Qa5+ 17. Qd2 Qa4 18. b3 Qa3 19. Bh3 Rc7 20. Qc1 Qb4+ 21. Qd2
Qe4 22. O-O-O Rfc8 23. Qd3 Qxd3 24. Rxd3 Rxc2+ 25. Kb1 R2c7 26. Rc1 Rxc1+ 27.
Bxc1 Rc7 28. Bd2 Kf8 29. Ba5 b6 30. Bxd7 bxa5 31. Bc6 Bd8 32. Rc3 g6 33. Kc2 f6
34. gxf6 Bxf6 35. Rc4 Rf7 36. Kd3 Bd8 37. Ke2 h5 38. a3 Bb6 39. f3 Rc7 40. f4
Re7 41. Kf3 exf4 42. Rxf4+ Kg7 43. Re4 Rf7+ 44. Kg3 Rf1 45. Re6 Bc5 46. a4 Rg1+
47. Kf3 Rg4 48. Be8 Bb4 49. Kf2 Rxh4 50. Rxg6+ Kf8 51. Re6 Rf4+ 52. Kg3 Rg4+ 53.
Kh3 Rd4 54. Bxh5 Rxd5 55. Kg4 Kg7 56. Bg6 Rd1 57. Bc2 Rd2 58. Bg6 Bc3 59. Be8
Bf6 60. Kf5 Rd5+ 61. Ke4 Rd4+ 62. Ke3 Be5 63. Bc6 Kf7 64. Rh6 Kg7 65. Rh2 Rd1
66. Rh1 Rd4 67. Rf1 Rh4 68. Bd5 Bd4+ 69. Kd3 Bc5 70. Bc4 d5 71. Bxa6 Rh3+ 72.
Kc2 d4 73. Bc4 Bb4 74. Rf2 Kg6 75. Bd3+ Kg5 76. Rg2+ Kf4 77. Rf2+ Ke3 78. Rg2
Kf3 79. Re2 Rh1 80. Bc4 Ra1 81. Kd3 Rd1+ 82. Kc2 Ra1 83. Kd3 Bc3 84. Bd5+ Kf4
85. Bc4 Rd1+ 86. Kc2 Rg1 87. Rf2+ Ke5 88. Rh2 Kd6 89. Rh5 Rg3 90. Rd5+ Kc6 91.
Kd1 Rg2 92. Kc1 Rd2 93. Kb1 Rb2+ 94. Kc1 Rd2 95. Kb1 Rh2 96. Kc1 1/2-1/2

[Event "ch-CZE 2015"]
[Site "Havlickuv Brod CZE"]
[Date "2015.05.15"]
[Round "1.4"]
[White "Babula, Vlastimil"]
[Black "Petr, Martin"]
[Result "1/2-1/2"]
[WhiteTitle "GM"]
[BlackTitle "GM"]
[WhiteElo "2542"]
[BlackElo "2516"]
[WhiteFideId "301264"]
[BlackFideId "318299"]
[EventDate "2015.05.15"]

1. d4 d5 2. Nf3 c5 3. c4 cxd4 4. cxd5 Nf6 5. Nxd4 Nxd5 6. e4 Nf6 7. Nc3 e5 8.
Nf3 Qxd1+ 9. Kxd1 Nc6 10. Bb5 Bg4 11. Ke2 Rc8 12. h3 Bxf3+ 13. Kxf3 a6 14. Bxc6+
Rxc6 15. Rd1 Bc5 16. Be3 Bxe3 17. Kxe3 Ke7 18. Nd5+ 1/2-1/2

[Event "ch-CZE 2015"]
[Site "Havlickuv Brod CZE"]
[Date "2015.05.15"]
[Round "1.5"]
[White "Zilka, Stepan"]
[Black "Bernasek, Jan"]
[Result "1/2-1/2"]
[WhiteTitle "GM"]
[BlackTitle "GM"]
[WhiteElo "2514"]
[BlackElo "2513"]
[WhiteFideId "315303"]
[BlackFideId "311995"]
[EventDate "2015.05.15"]

1. d4 Nf6 2. c4 e6 3. Nf3 b6 4. g3 Bb4+ 5. Bd2 Bxd2+ 6. Qxd2 Bb7 7. Bg2 O-O 8.
Nc3 d6 9. O-O Ne4 10. Nxe4 Bxe4 11. Qe3 Bb7 12. Rfd1 Nd7 13. Rac1 Re8 14. c5
bxc5 15. dxc5 Bd5 16. Qa3 Qb8 17. cxd6 cxd6 18. Ne1 Nf6 19. Bxd5 Nxd5 20. Nd3
Qb6 21. Rc4 Rec8 22. Rdc1 Ne7 23. Rxc8+ Rxc8 24. Rxc8+ Nxc8 25. Qa4 Kf8 26. Qd7
Ne7 27. b4 Nd5 28. e4 Nf6 29. Qc8+ Ke7 30. Qc4 d5 31. exd5 Nxd5 32. a4 Qc7 33.
Qh4+ Kd6 34. b5 h6 35. Kg2 1/2-1/2

[Event "ch-CZE 2015"]
[Site "Havlickuv Brod CZE"]
[Date "2015.05.16"]
[Round "2.1"]
[White "Biolek, Richard Jr."]
[Black "Bernasek, Jan"]
[Result "1/2-1/2"]
[WhiteTitle "IM"]
[BlackTitle "GM"]
[WhiteElo "2461"]
[BlackElo "2513"]
[WhiteFideId "319996"]
[BlackFideId "311995"]
[EventDate "2015.05.15"]

1. e4 c5 2. Nf3 e6 3. d4 cxd4 4. Nxd4 a6 5. Bd3 Bc5 6. Nb3 Ba7 7. Qe2 Nc6 8. Be3
d6 9. O-O Nf6 10. c4 O-O 11. Nc3 Bxe3 12. Qxe3 e5 13. Be2 Be6 14. Rfd1 Qe7 15.
Nd5 Bxd5 16. cxd5 Na7 17. Rac1 Rfc8 18. Qb6 Rxc1 19. Rxc1 Nc8 20. Qb4 g6 21. Na5
b6 22. Nc6 Qf8 23. Rf1 Qh6 24. f4 exf4 25. Qd4 Qg5 26. g3 Nd7 27. Rxf4 Ne7 28.
Kg2 Ne5 29. h4 N7xc6 30. dxc6 1/2-1/2

[Event "ch-CZE 2015"]
[Site "Havlickuv Brod CZE"]
[Date "2015.05.16"]
[Round "2.2"]
[White "Petr, Martin"]
[Black "Zilka, Stepan"]
[Result "1/2-1/2"]
[WhiteTitle "GM"]
[BlackTitle "GM"]
[WhiteElo "2516"]
[BlackElo "2514"]
[WhiteFideId "318299"]
[BlackFideId "315303"]
[EventDate "2015.05.15"]

1. Nf3 Nf6 2. g3 d5 3. Bg2 e6 4. O-O Be7 5. d4 O-O 6. c4 dxc4 7. Ne5 Nc6 8. Bxc6
bxc6 9. Nxc6 Qe8 10. Nxe7+ Qxe7 11. Na3 Rd8 12. Nxc4 c5 13. Na5 Bb7 14. Nxb7
Qxb7 15. Bg5 Qxb2 16. Bxf6 gxf6 17. e3 cxd4 18. Qg4+ Kh8 19. Rfb1 Qc3 20. Rc1
Qd3 21. Qf4 Qf5 22. Qxf5 exf5 23. exd4 Rxd4 24. Rc7 Kg7 25. Rb1 a6 26. Rbb7 Rf8
27. Rb6 1/2-1/2

[Event "ch-CZE 2015"]
[Site "Havlickuv Brod CZE"]
[Date "2015.05.16"]
[Round "2.3"]
[White "Hracek, Zbynek"]
[Black "Babula, Vlastimil"]
[Result "1/2-1/2"]
[WhiteTitle "GM"]
[BlackTitle "GM"]
[WhiteElo "2617"]
[BlackElo "2542"]
[WhiteFideId "300071"]
[BlackFideId "301264"]
[EventDate "2015.05.15"]

1. d4 Nf6 2. c4 e6 3. Nf3 Bb4+ 4. Bd2 c5 5. Bxb4 cxb4 6. a3 bxa3 7. Rxa3 O-O 8.
Nc3 d6 9. e3 Nc6 10. Be2 e5 11. O-O Bf5 12. Nh4 Bd7 13. dxe5 dxe5 14. Qb1 g6 15.
Rd1 Qe7 16. g3 Nb4 17. e4 1/2-1/2

[Event "ch-CZE 2015"]
[Site "Havlickuv Brod CZE"]
[Date "2015.05.16"]
[Round "2.4"]
[White "Stocek, Jiri"]
[Black "Kraus, Tomas"]
[Result "1-0"]
[WhiteTitle "GM"]
[BlackTitle "FM"]
[WhiteElo "2559"]
[BlackElo "2402"]
[WhiteFideId "304760"]
[BlackFideId "331708"]
[EventDate "2015.05.15"]

1. Nf3 d5 2. d4 e6 3. c4 c5 4. cxd5 exd5 5. Bg5 Be7 6. Bxe7 Qxe7 7. dxc5 Qxc5 8.
Nbd2 Nc6 9. Rc1 Qa5 10. a3 Nf6 11. e3 O-O 12. Bd3 Bg4 13. O-O Rfd8 14. h3 Bxf3
15. Nxf3 d4 16. e4 Nd7 17. Bc4 Nb6 18. Ba2 Rd7 19. Qd3 Rad8 20. Rc2 Re7 21. b4
Qh5 22. Rc5 Qg6 23. b5 Nb8 24. Ne5 Qd6 25. Nxf7 Rxf7 26. Rf5 Rf8 27. e5 Qc5 28.
Qb3 Qe7 29. Rd1 g6 30. Rxf7 Rxf7 31. Qg3 Qd8 32. Qf4 Nd5 33. Qxd4 Kg7 34. e6+ 1-0

[Event "ch-CZE 2015"]
[Site "Havlickuv Brod CZE"]
[Date "2015.05.17"]
[Round "3.1"]
[White "Rausis, Igors"]
[Black "Biolek, Richard Jr."]
[Result "1/2-1/2"]
[WhiteTitle "GM"]
[BlackTitle "IM"]
[WhiteElo "2590"]
[BlackElo "2461"]
[WhiteFideId "11600098"]
[BlackFideId "319996"]
[EventDate "2015.05.15"]

1. d4 Nf6 2. c4 g6 3. Nc3 Bg7 4. e4 d6 5. Nf3 O-O 6. h3 e5 7. dxe5 dxe5 8. Be3
Qe7 9. Be2 Rd8 10. Qa4 Nc6 11. Rd1 1/2-1/2

[Event "ch-CZE 2015"]
[Site "Havlickuv Brod CZE"]
[Date "2015.05.17"]
[Round "3.3"]
[White "Babula, Vlastimil"]
[Black "Stocek, Jiri"]
[Result "1/2-1/2"]
[WhiteTitle "GM"]
[BlackTitle "GM"]
[WhiteElo "2542"]
[BlackElo "2559"]
[WhiteFideId "301264"]
[BlackFideId "304760"]
[EventDate "2015.05.15"]

1. d4 d6 2. Nf3 g6 3. c4 Bg7 4. Nc3 Bg4 5. e3 Nf6 6. Be2 O-O 7. O-O Re8 8. h3
Bf5 9. b3 e5 10. Bb2 e4 11. Nh2 h5 12. Kh1 Na6 13. d5 Nh7 14. Rb1 Qh4 15. Nb5
Bxb2 16. Rxb2 Qf6 17. Rd2 Bd7 18. b4 Bxb5 19. cxb5 Nxb4 20. Qb3 Nd3 21. Bxd3
exd3 22. Nf3 Nf8 23. Rxd3 1/2-1/2

[Event "ch-CZE 2015"]
[Site "Havlickuv Brod CZE"]
[Date "2015.05.17"]
[Round "3.4"]
[White "Zilka, Stepan"]
[Black "Hracek, Zbynek"]
[Result "0-1"]
[WhiteTitle "GM"]
[BlackTitle "GM"]
[WhiteElo "2514"]
[BlackElo "2617"]
[WhiteFideId "315303"]
[BlackFideId "300071"]
[EventDate "2015.05.15"]

1. d4 g6 2. c4 Bg7 3. Nc3 c5 4. d5 Bxc3+ 5. bxc3 f5 6. h4 Nf6 7. h5 Rg8 8. hxg6
hxg6 9. Qc2 d6 10. Nf3 Nbd7 11. Rb1 Qa5 12. Rb3 Qc7 13. Rh4 Ne5 14. Qb1 b6 15.
a4 Nxf3+ 16. exf3 Kf7 17. Bg5 Bd7 18. Ra3 Rh8 19. g3 Rxh4 20. Bxh4 Rh8 21. f4
Qd8 22. Be2 Rxh4 23. gxh4 Qh8 24. h5 gxh5 25. Qd3 h4 26. Qh3 Qh6 27. Qh2 Ng4 28.
Bxg4 fxg4 29. Kd2 Qh7 30. Ra1 h3 31. Qh1 h2 32. a5 bxa5 33. Re1 a4 34. Rg1 a3
35. Rg2 Ba4 36. f5 Qxf5 37. Rxh2 a2 38. Rh7+ Ke8 39. Rh8+ Kd7 40. Ra8 Qc2+ 41.
Ke3 Qxc3+ 42. Kf4 a1=Q 43. Rxa7+ Kc8 0-1

[Event "ch-CZE 2015"]
[Site "Havlickuv Brod CZE"]
[Date "2015.05.17"]
[Round "3.5"]
[White "Bernasek, Jan"]
[Black "Petr, Martin"]
[Result "1/2-1/2"]
[WhiteTitle "GM"]
[BlackTitle "GM"]
[WhiteElo "2513"]
[BlackElo "2516"]
[WhiteFideId "311995"]
[BlackFideId "318299"]
[EventDate "2015.05.15"]

1. d4 d5 2. c4 e6 3. Nc3 Nf6 4. cxd5 exd5 5. Bg5 Be7 6. e3 c6 7. Bd3 Nbd7 8. Qc2
h6 9. Bh4 Nh5 10. Bxe7 Qxe7 11. Nge2 Nb6 12. h3 Nf6 13. O-O-O Be6 14. Kb1 O-O-O
15. Rc1 Kb8 16. Rhe1 Nfd7 17. f3 c5 18. Nf4 g5 19. Nxe6 fxe6 20. Qf2 Rc8 21. e4
cxd4 22. Qxd4 Qc5 23. Nb5 Qxd4 1/2-1/2

[Event "ch-CZE 2015"]
[Site "Havlickuv Brod CZE"]
[Date "2015.05.18"]
[Round "4.1"]
[White "Biolek, Richard Jr."]
[Black "Petr, Martin"]
[Result "0-1"]
[WhiteTitle "IM"]
[BlackTitle "GM"]
[WhiteElo "2461"]
[BlackElo "2516"]
[WhiteFideId "319996"]
[BlackFideId "318299"]
[EventDate "2015.05.15"]

1. d4 Nf6 2. c4 g6 3. Nc3 d5 4. Nf3 Bg7 5. Qb3 dxc4 6. Qxc4 O-O 7. Bf4 Na6 8. e4
c5 9. d5 e6 10. d6 Nh5 11. e5 Nxf4 12. Qxf4 f6 13. Qd2 fxe5 14. Bb5 Bd7 15. Bxd7
Qxd7 16. O-O Nb4 17. Rad1 Nc6 18. Ng5 Bh6 19. Nce4 b6 20. h4 Nd4 21. Qd3 Bg7 22.
Rfe1 h6 23. Nh3 Rad8 24. Qg3 Qf7 25. f3 Rd7 26. Nhf2 Kh7 27. Qh3 Qf5 28. Qh2
Rfd8 29. Rd3 c4 30. Rc3 Rc8 31. Ng4 b5 32. Kh1 b4 33. Rxc4 Rxc4 34. Ne3 Nxf3 0-1

[Event "ch-CZE 2015"]
[Site "Havlickuv Brod CZE"]
[Date "2015.05.18"]
[Round "4.2"]
[White "Hracek, Zbynek"]
[Black "Bernasek, Jan"]
[Result "1/2-1/2"]
[WhiteTitle "GM"]
[BlackTitle "GM"]
[WhiteElo "2617"]
[BlackElo "2513"]
[WhiteFideId "300071"]
[BlackFideId "311995"]
[EventDate "2015.05.15"]

1. d4 d5 2. c4 c6 3. Nf3 Nf6 4. Nc3 a6 5. e3 b5 6. b3 Bg4 7. Be2 e6 8. Ne5 Bxe2
9. Qxe2 Bd6 10. Bb2 O-O 11. O-O Qc7 12. Rac1 Qb7 13. Ba1 Nbd7 14. Nxd7 Qxd7 15.
e4 Nxe4 16. Nxe4 dxe4 17. Qxe4 Rfd8 18. Rfd1 a5 19. g3 1/2-1/2

[Event "ch-CZE 2015"]
[Site "Havlickuv Brod CZE"]
[Date "2015.05.18"]
[Round "4.3"]
[White "Stocek, Jiri"]
[Black "Zilka, Stepan"]
[Result "0-1"]
[WhiteTitle "GM"]
[BlackTitle "GM"]
[WhiteElo "2559"]
[BlackElo "2514"]
[WhiteFideId "304760"]
[BlackFideId "315303"]
[EventDate "2015.05.15"]

1. d4 d5 2. c4 c6 3. Nf3 Nf6 4. Nc3 e6 5. g3 dxc4 6. Bg2 Nbd7 7. a4 a5 8. O-O
Be7 9. b3 cxb3 10. Qxb3 Nd5 11. Bd2 Nxc3 12. Bxc3 Nf6 13. Rfd1 Nd5 14. Be1 Qb6
15. Qc2 Nb4 16. Qb2 O-O 17. Ne5 Rd8 18. Rab1 Qc7 19. Nd3 h6 20. h4 Bf8 21. Bf3
Ra6 22. Nc5 Ra7 23. Nd3 Nxd3 24. Rxd3 Bd7 25. Rc1 Be8 26. Bd2 Qe7 27. Ra1 Rc8
28. Rc3 Qd8 29. Rac1 Bb4 30. Rc4 Bxd2 31. Qxd2 Rc7 32. Qc3 Rd7 33. e3 Qb6 34.
Rc5 Ra8 35. Be4 Qd8 36. Bc2 Rd5 37. Be4 Rxc5 38. dxc5 Qf6 39. Qxf6 gxf6 40. Rb1
Rb8 41. g4 Kf8 42. Bd3 Bd7 43. Ba6 Bc8 44. Kg2 e5 45. Kg3 Ke7 46. f4 Be6 47. h5
Kd7 48. Rxb7+ Rxb7 49. Bxb7 Bb3 50. g5 fxg5 51. fxg5 Bxa4 52. gxh6 Bc2 53. Kf3
Bh7 54. Ke2 f5 55. Kd2 f4 56. exf4 exf4 57. Kc3 f3 58. Kd2 a4 59. Ba6 Ke6 60.
Bc4+ Kf6 61. Ke3 Bb1 62. h7 Kg7 63. Kd2 a3 0-1

[Event "ch-CZE 2015"]
[Site "Havlickuv Brod CZE"]
[Date "2015.05.18"]
[Round "4.5"]
[White "Rausis, Igors"]
[Black "Kraus, Tomas"]
[Result "1/2-1/2"]
[WhiteTitle "GM"]
[BlackTitle "FM"]
[WhiteElo "2590"]
[BlackElo "2402"]
[WhiteFideId "11600098"]
[BlackFideId "331708"]
[EventDate "2015.05.15"]

1. d4 Nf6 2. c4 e6 3. g3 d5 4. Nf3 c5 5. Bg2 Nc6 6. O-O dxc4 7. Ne5 Bd7 8. Na3
cxd4 9. Naxc4 Rc8 10. Bf4 Nd5 11. Nxc6 Bxc6 12. Qxd4 Nxf4 13. Qxf4 Bxg2 14. Kxg2
Bc5 15. Rfd1 Qf6 16. Qxf6 gxf6 17. Na5 b6 18. Nb3 Ke7 19. Rac1 Bd6 20. Nd4 Bc5
21. Rc4 Bxd4 22. Rcxd4 Rc7 23. e4 Rhc8 24. Kf3 Rg8 25. R1d2 Rgc8 26. Ke3 Rg8 27.
f4 Rgc8 28. Kf3 Rg8 29. g4 Rgc8 30. Kg3 Rc2 31. Rd7+ Kf8 32. R2d3 Rxb2 33. Rxa7
Rcc2 34. h3 Rxa2 35. Rb7 Rd2 36. Rc3 Rac2 37. Ra3 Ra2 38. Rc3 Rac2 39. Ra3 Ra2 1/2-1/2

[Event "ch-CZE 2015"]
[Site "Havlickuv Brod CZE"]
[Date "2015.05.19"]
[Round "5.1"]
[White "Kraus, Tomas"]
[Black "Biolek, Richard Jr."]
[Result "0-1"]
[WhiteTitle "FM"]
[BlackTitle "IM"]
[WhiteElo "2402"]
[BlackElo "2461"]
[WhiteFideId "331708"]
[BlackFideId "319996"]
[EventDate "2015.05.15"]

1. e4 Nc6 2. Nf3 e5 3. d4 exd4 4. Nxd4 Nf6 5. Nxc6 bxc6 6. Bd3 d5 7. e5 Nd7 8.
O-O Be7 9. f4 O-O 10. Nd2 f5 11. Nb3 Nc5 12. Nxc5 Bxc5+ 13. Kh1 a5 14. Qe2 Be6
15. c3 Qe7 16. Rd1 a4 17. Bc2 Rfb8 18. Rd3 Bb6 19. Qd1 Qc5 20. Rb1 Qb5 21. Rh3
Rf8 22. Bd3 Qc5 23. a3 g6 24. Be3 Qe7 25. Bc2 Bxe3 26. Rxe3 c5 27. Bxa4 c4 28.
Re2 Rfd8 29. Rd2 Qc5 30. Rd4 Qa5 31. Bc6 Rab8 32. Qa4 Qc5 33. Rbd1 Rxb2 34. h3
Kg7 35. Kh2 Kh6 36. Rxc4 Qf2 0-1

[Event "ch-CZE 2015"]
[Site "Havlickuv Brod CZE"]
[Date "2015.05.19"]
[Round "5.2"]
[White "Babula, Vlastimil"]
[Black "Rausis, Igors"]
[Result "1/2-1/2"]
[WhiteTitle "GM"]
[BlackTitle "GM"]
[WhiteElo "2542"]
[BlackElo "2590"]
[WhiteFideId "301264"]
[BlackFideId "11600098"]
[EventDate "2015.05.15"]

1. d4 e6 2. c4 Nf6 3. Nf3 Bb4+ 4. Bd2 Qe7 5. g3 Bxd2+ 6. Qxd2 Nc6 7. Nc3 d5 8.
cxd5 exd5 9. Bg2 Ne4 10. Qe3 Be6 11. O-O f5 12. Rac1 O-O 13. Na4 Qb4 14. Nc5
Rae8 15. a3 1/2-1/2

[Event "ch-CZE 2015"]
[Site "Havlickuv Brod CZE"]
[Date "2015.05.19"]
[Round "5.4"]
[White "Bernasek, Jan"]
[Black "Stocek, Jiri"]
[Result "1/2-1/2"]
[WhiteTitle "GM"]
[BlackTitle "GM"]
[WhiteElo "2513"]
[BlackElo "2559"]
[WhiteFideId "311995"]
[BlackFideId "304760"]
[EventDate "2015.05.15"]

1. d4 Nf6 2. c4 e6 3. Nc3 Bb4 4. Bg5 c5 5. d5 h6 6. Bh4 O-O 7. e3 b5 8. Nf3 Bb7
9. dxe6 fxe6 10. cxb5 Qa5 11. Bxf6 Rxf6 12. Qc2 a6 13. bxa6 Nxa6 14. Be2 c4 15.
O-O d5 16. e4 Raf8 17. exd5 exd5 18. Rad1 Nc7 19. Nd4 Bc5 20. Bf3 Kh8 21. Nce2
Nb5 22. Nxb5 Qxb5 23. Nc3 Qd7 24. Bxd5 Rxf2 25. Rxf2 Rxf2 26. Qxf2 Bxf2+ 27.
Kxf2 Bxd5 28. Rxd5 Qc7 29. Rd4 Qb6 30. Ne2 Qa7 31. a3 Qb6 32. h4 Kg8 33. g3 Kf7
34. Kf3 Qb3+ 35. Kf2 Ke7 36. Rd2 Kf6 37. Nc3 Kf5 38. Kg2 Qb7+ 39. Kh2 Kg4 40.
Rd4+ Kf3 41. Rf4+ Ke3 42. Re4+ Kd3 43. Re2 g5 44. hxg5 hxg5 45. Rf2 Kd4 46. Kg1
Qh7 47. Kg2 Ke5 48. Re2+ Kf5 49. Re4 Qb7 50. g4+ Kf6 51. Kf3 Qxb2 52. Nd5+ Kf7
53. Rxc4 Qxa3+ 54. Ne3 Qa8+ 55. Re4 Kf6 56. Nf5 Qb7 57. Ng3 1/2-1/2

[Event "ch-CZE 2015"]
[Site "Havlickuv Brod CZE"]
[Date "2015.05.19"]
[Round "5.5"]
[White "Petr, Martin"]
[Black "Hracek, Zbynek"]
[Result "1/2-1/2"]
[WhiteTitle "GM"]
[BlackTitle "GM"]
[WhiteElo "2516"]
[BlackElo "2617"]
[WhiteFideId "318299"]
[BlackFideId "300071"]
[EventDate "2015.05.15"]

1. e4 c5 2. Nf3 d6 3. Bb5+ Nd7 4. d4 cxd4 5. Qxd4 a6 6. Bxd7+ Bxd7 7. O-O Rc8 8.
c4 e5 9. Qd3 b5 10. Na3 Qb6 11. b3 Qb7 12. Nc2 bxc4 13. bxc4 Nf6 14. Nd2 Be7 15.
Ba3 Qc6 16. Ne3 1/2-1/2

[Event "ch-CZE 2015"]
[Site "Havlickuv Brod CZE"]
[Date "2015.05.20"]
[Round "6.1"]
[White "Biolek, Richard Jr."]
[Black "Hracek, Zbynek"]
[Result "1/2-1/2"]
[WhiteTitle "IM"]
[BlackTitle "GM"]
[WhiteElo "2461"]
[BlackElo "2617"]
[WhiteFideId "319996"]
[BlackFideId "300071"]
[EventDate "2015.05.15"]

1. d4 Nf6 2. c4 e6 3. Nc3 Bb4 4. Nf3 d6 5. Bg5 Nbd7 6. Qc2 c5 7. e3 Qa5 8. Bd3
cxd4 9. exd4 Bxc3+ 10. bxc3 O-O 11. O-O Qc7 12. a4 b6 13. a5 Bb7 14. Nd2 h6 15.
Bh4 d5 16. Bg3 Qc8 17. cxd5 Nxd5 18. a6 Bc6 19. Bd6 Rd8 20. c4 N5f6 21. Rfc1 Nf8
22. c5 b5 23. Ne4 Nxe4 24. Bxe4 Nd7 25. Bh7+ Kh8 26. Bd3 Nf6 27. Qe2 Qd7 28. Be5
Ne8 29. Qg4 Kg8 30. Rd1 Kf8 31. Be2 Rac8 32. Ra3 Bd5 33. Rg3 f6 34. Bf4 g5 35.
Qh5 Qg7 36. Bxb5 Bc6 37. Bxc6 Rxc6 38. Qe2 Qd7 39. Be3 Ng7 40. Rf3 Kf7 41. Rb1
Qc8 42. Rb7+ Rd7 43. Qb5 Kg6 44. h3 Rdc7 45. Qd3+ f5 46. d5 exd5 47. g4 Qe6 48.
Bd4 Qe4 49. Bxg7 Qxd3 50. Rxd3 Rxg7 51. Rxd5 Rxa6 52. Rxg7+ Kxg7 53. Rxf5 Ra1+
54. Kg2 a5 55. h4 gxh4 56. c6 Rc1 57. Rxa5 Rxc6 58. Rh5 Kg6 59. f4 Rc2+ 60. Kh3
Rc3+ 61. Kxh4 Rf3 62. Rf5 Kg7 63. g5 1/2-1/2

[Event "ch-CZE 2015"]
[Site "Havlickuv Brod CZE"]
[Date "2015.05.20"]
[Round "6.2"]
[White "Stocek, Jiri"]
[Black "Petr, Martin"]
[Result "1-0"]
[WhiteTitle "GM"]
[BlackTitle "GM"]
[WhiteElo "2559"]
[BlackElo "2516"]
[WhiteFideId "304760"]
[BlackFideId "318299"]
[EventDate "2015.05.15"]

1. d4 d5 2. c4 e6 3. Nc3 Nf6 4. Bg5 Be7 5. Nf3 h6 6. Bxf6 Bxf6 7. e3 c6 8. Qc2
Nd7 9. h4 Qa5 10. O-O-O dxc4 11. Bxc4 b5 12. Bb3 Bb7 13. Ne4 Be7 14. Kb1 Qb6 15.
Ne5 Nxe5 16. dxe5 c5 17. Nd6+ Bxd6 18. Rxd6 Qc7 19. Bxe6 fxe6 20. Qg6+ Kf8 21.
Rhd1 Bc6 22. Qxe6 Be4+ 23. Kc1 Re8 24. Qg4 Bh7 25. e6 Kg8 26. Rd7 Qe5 27. Rd8
Kf8 28. Qf3+ Qf5 29. Rxe8+ Kxe8 30. Qc6+ Ke7 31. Rd7+ 1-0

[Event "ch-CZE 2015"]
[Site "Havlickuv Brod CZE"]
[Date "2015.05.20"]
[Round "6.4"]
[White "Rausis, Igors"]
[Black "Zilka, Stepan"]
[Result "1-0"]
[WhiteTitle "GM"]
[BlackTitle "GM"]
[WhiteElo "2590"]
[BlackElo "2514"]
[WhiteFideId "11600098"]
[BlackFideId "315303"]
[EventDate "2015.05.15"]

1. c4 c6 2. Nf3 d5 3. d4 Nf6 4. Nc3 e6 5. e3 Nbd7 6. Bd3 dxc4 7. Bxc4 b5 8. Bd3
Bb7 9. e4 b4 10. Na4 c5 11. e5 Nd5 12. O-O cxd4 13. Nxd4 Nxe5 14. Bb5+ Nd7 15.
Re1 Rc8 16. b3 Be7 17. Rxe6 O-O 18. Nc6 Bxc6 19. Rxc6 Nc7 20. Bf1 Ne5 21. Qxd8
Rfxd8 22. Rc2 Ne6 23. Rxc8 Rxc8 24. Be3 Bf6 25. Re1 Rc7 26. h3 g5 27. Rc1 Rxc1
28. Bxc1 g4 29. hxg4 Nxg4 30. Be2 h5 31. Nb2 Nc5 32. Kf1 Bd4 33. Bxg4 hxg4 34.
Ke2 a6 35. Nd1 Ne4 36. Bd2 Nxd2 37. Kxd2 f5 38. Kd3 Bb6 39. Ne3 Kh7 40. Nxf5
Bxf2 41. Ke2 Bc5 42. Ne3 Kg6 43. Nxg4 Kf5 44. Nf2 a5 45. g4+ Ke6 46. Ne4 Bf8 47.
Kd3 Ke5 48. g5 Kf5 49. Kd4 Bg7+ 50. Kd5 Bc3 51. a4 1-0

[Event "ch-CZE 2015"]
[Site "Havlickuv Brod CZE"]
[Date "2015.05.20"]
[Round "6.5"]
[White "Kraus, Tomas"]
[Black "Babula, Vlastimil"]
[Result "0-1"]
[WhiteTitle "FM"]
[BlackTitle "GM"]
[WhiteElo "2402"]
[BlackElo "2542"]
[WhiteFideId "331708"]
[BlackFideId "301264"]
[EventDate "2015.05.15"]

1. e4 c5 2. Nf3 e6 3. d4 cxd4 4. Nxd4 a6 5. Nc3 Qc7 6. Be3 Nf6 7. Qd2 Bb4 8. f3
d5 9. Nde2 dxe4 10. a3 Ba5 11. b4 Bb6 12. Nxe4 Nxe4 13. fxe4 O-O 14. Bxb6 Qxb6
15. Qd4 Qc7 16. Qc3 Nc6 17. Ng3 Rd8 18. Be2 Qb6 19. Rd1 Rxd1+ 20. Kxd1 e5 21.
Bc4 Bg4+ 22. Kc1 Nd4 23. h3 Be6 24. Nf5 Qc7 0-1

[Event "ch-CZE 2015"]
[Site "Havlickuv Brod CZE"]
[Date "2015.05.21"]
[Round "7.1"]
[White "Babula, Vlastimil"]
[Black "Biolek, Richard Jr."]
[Result "1-0"]
[WhiteTitle "GM"]
[BlackTitle "IM"]
[WhiteElo "2542"]
[BlackElo "2461"]
[WhiteFideId "301264"]
[BlackFideId "319996"]
[EventDate "2015.05.15"]

1. d4 Nf6 2. c4 g6 3. Nc3 Bg7 4. e4 d6 5. Nf3 O-O 6. Be2 e5 7. Be3 Ng4 8. Bg5 f6
9. Bh4 g5 10. Bg3 Nh6 11. c5 Nc6 12. cxd6 cxd6 13. dxe5 dxe5 14. Qb3+ Kh8 15.
Rd1 Qe7 16. Nd5 Qf7 17. h3 Be6 18. O-O Rfd8 19. Qa4 Nf5 20. Bc4 Nfd4 21. Nxd4
Nxd4 22. Ne3 Bxc4 23. Qxc4 Qxc4 24. Nxc4 Rac8 25. Ne3 Bf8 26. Nd5 Kg7 27. Rd2
Bb4 28. Rxd4 exd4 29. Nxb4 d3 30. Rd1 d2 31. Kf1 Rc4 32. Nd5 Rxe4 33. Rxd2 Ra4
34. Nc3 Rxd2 35. Nxa4 Rc2 36. Ke1 Rc1+ 37. Kd2 Rg1 38. Nc3 h5 39. Ne2 Rf1 40. h4
Rh1 41. hxg5 fxg5 42. f3 Kg6 43. Be5 a6 44. Ke3 h4 45. Kf2 Rd1 46. Bc3 Rd7 47.
Nd4 Re7 48. Nc2 Rh7 49. Ne3 h3 50. gxh3 Rxh3 51. a4 Rh4 52. a5 Ra4 53. Kg3 Kh5
54. Nf5 Rc4 55. Nd6 Rc7 56. Ne4 Rc6 57. Bd4 Rc4 58. Bc5 Ra4 59. b4 Ra3 60. Be7
g4 61. Nf6+ Kg5 62. Nxg4+ Kf5 63. Bc5 Rd3 64. Ne3+ Ke6 65. Kf4 Rd7 66. Ke4 Rh7
67. f4 Rh4 68. Nc4 1-0